Paroles 'Bienvenue dans la Secte' - La Secte Phonétik - Statistiques

Statistiques générales
  • Ce quiz a été pris 27 fois
  • Le résultat moyen est 442 sur 617
Statistiques - réponses
Paroles % Correct
à
100%
a
100%
dans
100%
Dans
100%
de
100%
en
100%
En
100%
la
100%
La
100%
ou
100%
se
100%
Secte
100%
Secte...
100%
Secte,
100%
bien
95%
le
95%
ma
95%
pas
95%
Pas
95%
Que
95%
que
95%
bienvenue
89%
des
89%
les
89%
Si
89%
sois
89%
tout
89%
tu
89%
un
89%
une
89%
couleur
84%
gars,
84%
journée
84%
meuf
84%
puceau
84%
toujours
84%
toute
84%
vie
84%
apprentis
79%
avec
79%
ce
79%
comme
79%
d’inceste
79%
du
79%
79%
et
79%
Et
79%
faire
79%
mais
79%
Mais
79%
Pour
79%
pour
79%
Sa
79%
sa
79%
sorciers
79%
suer
79%
Sur
79%
sur
79%
te
79%
alcoolique
74%
avaler
74%
couleuvres
74%
dit
74%
Entrez
74%
fait
74%
fatalité
74%
manque
74%
Notre
74%
on
74%
On
74%
par
74%
peace,
74%
Qu’tu
74%
qu’tu
74%
retard
74%
rime
74%
sobre
74%
souhaite
74%
votre
74%
adepte
68%
adeptes
68%
Approchez
68%
aspect
68%
bédo
68%
cavaler
68%
chômeur
68%
Devenez
68%
douleur
68%
encore
68%
fumes
68%
homo
68%
il
68%
Il
68%
l’eau
68%
l’île
68%
n’ayez
68%
peur
68%
Phonétik,
68%
Phonétik
68%
qui
68%
Qui
68%
quotidien
68%
sans
68%
Sans
68%
temps
68%
tous,
68%
vont
68%
Vous
68%
beatboxer
63%
blond
63%
boire
63%
braves
63%
ces
63%
C’est
63%
Chercher
63%
couleurs
63%
diplôme
63%
d’un
63%
être
63%
études,
63%
gens
63%
intrinsèque
63%
jouer
63%
J’te
63%
lac
63%
longues
63%
peut-être
63%
Rapper,
63%
au
58%
blanc,
58%
bobo
58%
bordélique
58%
Déjouez
58%
d’insectes,
58%
fête
58%
flic,
58%
maniaque
58%
murs
58%
noir
58%
œufs
58%
Pâques
58%
patron
58%
pieux
58%
Preuve
58%
t’sois
58%
vos
58%
athée,
53%
caille
53%
chauve,
53%
inquiète
53%
jeune,
53%
manchot,
53%
ne
53%
oyez,
53%
oyez
53%
plus
53%
République
53%
rond
53%
solide,
53%
t’aimes
53%
tchatcheur
53%
timide
53%
vieux
53%
afin
47%
aime
47%
apocalyptique
47%
ceux
47%
cieux
47%
claque
47%
dents
47%
disponible
47%
disque
47%
esprit
47%
est
47%
fauché
47%
fier
47%
grand
47%
hurlent
47%
hystérique
47%
langue
47%
l’être
47%
libre
47%
nain
47%
Paris
47%
perche
47%
piranhas
47%
poétiques
47%
rough
47%
serré
47%
sirènes
47%
solitaire,
47%
t’aies
47%
tortures
47%
tympans
47%
amoureux
42%
Attraper
42%
aux
42%
bêtise,
42%
bise
42%
blindé
42%
contingent
42%
contre
42%
deux
42%
Dites
42%
draguer
42%
folie
42%
froid
42%
Hippo !
42%
initiatique
42%
jamais
42%
keus,
42%
l’analphabétisme
42%
l’étrange
42%
lit
42%
Nouvel
42%
parcours
42%
pêche
42%
pipe
42%
quand
42%
qu’au
42%
recevoir
42%
sang
42%
silence,
42%
son
42%
trip
42%
Voyez
42%
accessible
37%
aussi
37%
censurer
37%
chaude
37%
créatives
37%
désormais
37%
donc
37%
effroi
37%
énergies
37%
épreuves !
37%
face
37%
facétieux
37%
fleuves !
37%
gaucher
37%
gère,
37%
guerre
37%
habile
37%
Langoureuse
37%
"merci"
37%
ni
37%
nuit
37%
partie
37%
peinard
37%
pipeau
37%
pisse,
37%
plie
37%
plonger
37%
pressé
37%
qu’t’aimes
37%
récit
37%
rigolo,
37%
sportif
37%
tens’
37%
vent
37%
vivant
37%
yeux
37%
Budapest
32%
changeant
32%
despee
32%
durant
32%
emmurés
32%
Fantômas
32%
Fermer
32%
flippantes
32%
goulue
32%
instincts
32%
jaunisse,
32%
lèpre,
32%
l’espoir
32%
paralyse
32%
poli,
32%
primaires
32%
qu’aux
32%
qu’t’aies
32%
sincèrement
32%
veuves
32%
vivre
32%
Ainsi
26%
Ami
26%
brisant
26%
délivrant
26%
Fétichistes
26%
l’art
26%
libéré
26%
mater
26%
mythe
26%
peste
26%
réprime
26%
téléfilms
26%
tempo,
26%
Très
26%
vite
26%
chair
21%
dictant
21%
Hippie
21%
houleuse
21%
suisses
21%
compétent,
16%
Hippocampe
16%
livre
16%
épique
11%
t’enivre
0%
Aucun quiz correspondant
Distribution des résultats
% des personnes avec chaque résultat
Percentile par nombre de réponses
Votre historique - résultats
Vous n’avez pas pris ce quiz